[Event "Valencia Vladio Memorial 10th"]
[Site "Valencia"]
[Date "2022.08.12"]
[Round "1"]
[White "Briceno Quinones, Ruben Dario"]
[Black "Camacho Villarreal, Beatriz Giov"]
[Result "1-0"]
[WhiteElo "2160"]
[BlackElo "1797"]
[PlyCount "41"]
[EventDate "2022.08.12"]
[EventType "swiss"]
[EventRounds "9"]
[EventCountry "VEN"]
[SourceTitle "EXT 2023"]
[Source "ChessBase"]
[SourceDate "2022.10.05"]
[SourceVersion "1"]
[SourceVersionDate "2022.10.05"]
[SourceQuality "1"]

1. e4 c6 2. d4 d5 3. e5 Bf5 4. h4 h5 5. Bd3 Bxd3 6. Qxd3 e6 7. Nf3 c5 8. dxc5 Bxc5 9. 0-0 Nc6 10. c4 Nge7 11. Nc3 a6 12. cxd5 Nb4 13. Qe2 Nexd5 14. Ne4 Be7 15. Bg5 Qb8 16. Bxe7 Kxe7 17. Nd6 Nc6 18. Rad1 Qc7 19. Rfe1 Kf8 20. Ng5 Nd8 21. Ndxf7 1-0

[Event "VEN-ch (Women)"]
[Site "Guatire"]
[Date "2020.01.27"]
[Round "4"]
[White "Camacho Villarreal, Beatriz Giov"]
[Black "Pena Gonzalez, Clara Isabel"]
[Result "0-1"]
[WhiteElo "1841"]
[BlackElo "1735"]
[PlyCount "98"]
[EventDate "2020.01.25"]
[EventType "tourn"]
[EventRounds "9"]
[EventCountry "VEN"]
[SourceTitle "CBM 194 Extra"]
[Source "ChessBase"]
[SourceDate "2020.03.31"]
[SourceVersion "1"]
[SourceVersionDate "2020.03.31"]
[SourceQuality "1"]

1. Nf3 Nf6 2. d3 c5 3. g3 g6 4. Bg2 Bg7 5. 0-0 0-0 6. Nbd2 Nc6 7. e4 d6 8. Re1 Qc7 9. h4 Bg4 10. Nf1 Ne5 11. N1h2 Bh5 12. Qd2 Nfg4 13. Nxe5 Nxh2 14. Nxg6 fxg6 15. Kxh2 Bf3 16. c3 Rf6 17. Bxf3 Rxf3 18. Qe2 Raf8 19. Bf4 R3xf4 20. gxf4 Rxf4 21. Kg2 Bf6 22. Rh1 Bxh4 23. Raf1 Qc8 24. Rh2 Qf8 25. Kg1 e5 26. f3 Qf6 27. Rg2 h5 28. a3 Kh7 29. Qd1 Qe6 30. d4 Qh3 31. Rh2 Qe6 32. dxc5 Bg3 33. Qxd6 Bxh2+ 34. Kxh2 Rh4+ 35. Kg1 Qe8 36. Rd1 Rf4 37. Qd7+ Qf7 38. Qxf7+ Rxf7 39. Rd5 Re7 40. Kg2 Kh6 41. Kg3 Kg7 42. f4 exf4+ 43. Kxf4 Kh6 44. Rd6 Rf7+ 45. Ke3 h4 46. Rd8 Kg5 47. Rg8 h3 48. Rd8 Kg4 49. Rd1 h2 0-1

[Event "VEN-ch U16 Girls 3rd"]
[Site "San Antonio"]
[Date "2016.04.01"]
[Round "1.2"]
[White "Alvarez, Maria Claret"]
[Black "Camacho Villarreal, Beatriz Giov"]
[Result "0-1"]
[WhiteElo "1808"]
[BlackElo "1625"]
[PlyCount "80"]
[EventDate "2016.04.01"]
[EventType "swiss"]
[EventRounds "7"]
[EventCountry "VEN"]
[SourceTitle "EXT 2022"]
[Source "ChessBase"]
[SourceDate "2021.10.06"]
[SourceVersion "1"]
[SourceVersionDate "2021.10.06"]
[SourceQuality "1"]

1. e4 c6 2. d4 d5 3. exd5 cxd5 4. Bd3 Nc6 5. c3 Nf6 6. Nf3 Bg4 7. 0-0 e6 8. Bf4 Bd6 9. Bxd6 Qxd6 10. Nbd2 0-0 11. Qc2 Bh5 12. Rae1 Bg6 13. Ne5 Bxd3 14. Qxd3 Nd7 15. f4 Rac8 16. Nxd7 Qxd7 17. Qh3 Ne7 18. Nf3 Nf5 19. g4 Nd6 20. g5 Ne4 21. Qg2 Qd6 22. Nd2 Nxd2 23. Qxd2 a5 24. Qd3 Qb6 25. b3 a4 26. bxa4 Qa5 27. Rf3 Qxa4 28. Rh3 g6 29. Qg3 Kg7 30. Qf2 Rh8 31. Qe2 h5 32. gxh6+ Rxh6 33. Qe5+ Kh7 34. Rxh6+ Kxh6 35. Qg5+ Kg7 36. Qe7 Rxc3 37. Qxb7 Qxd4+ 38. Kh1 Qf2 39. Qb1 Rc2 40. Qa1+ Kg8 0-1

[Event "Caracas FVA 80th Ann"]
[Site "Caracas"]
[Date "2015.12.20"]
[Round "7"]
[White "Gomez Aranguren, Alexis Jose"]
[Black "Camacho Villarreal, Beatriz Giov"]
[Result "1-0"]
[WhiteElo "1857"]
[BlackElo "1660"]
[PlyCount "61"]
[EventDate "2015.12.16"]
[EventType "swiss"]
[EventRounds "8"]
[EventCountry "VEN"]
[SourceTitle "EXT 2018"]
[Source "ChessBase"]
[SourceDate "2017.10.13"]
[SourceVersion "1"]
[SourceVersionDate "2017.10.13"]
[SourceQuality "1"]

1. d4 Nf6 2. c4 g6 3. Nc3 Bg7 4. e4 d6 5. Be2 0-0 6. Nf3 e5 7. 0-0 Nc6 8. d5 Ne7 9. b4 Ne8 10. c5 f5 11. a4 Nf6 12. Nd2 f4 13. Ba3 g5 14. f3 h5 15. Nc4 Ne8 16. b5 Rf6 17. a5 b6 18. cxb6 cxb6 19. axb6 axb6 20. Na4 Rb8 21. Bb4 Bd7 22. Ncxb6 Nc7 23. Nxd7 Qxd7 24. b6 Na8 25. Ba5 Nc8 26. Rb1 Qd8 27. Qb3 Rf7 28. Rfc1 Rfb7 29. Ba6 Rxb6 30. Nxb6 Ncxb6 31. Rc6 1-0

[Event "Pan American-ch U16 Girls"]
[Site "Cali"]
[Date "2015.06.29"]
[Round "2"]
[White "Camacho Villarreal, Beatriz Giov"]
[Black "Rios Almada, Iara"]
[Result "0-1"]
[WhiteElo "1773"]
[BlackElo "1524"]
[PlyCount "118"]
[EventDate "2015.06.28"]
[EventType "swiss"]
[EventRounds "9"]
[EventCountry "COL"]
[SourceTitle "EXT 2016"]
[Source "ChessBase"]
[SourceDate "2015.10.08"]
[SourceVersion "1"]
[SourceVersionDate "2015.10.08"]
[SourceQuality "1"]

1. Nf3 Nc6 2. d3 d5 3. Nbd2 Nf6 4. g3 Bf5 5. c3 h6 6. Bg2 e5 7. Qa4 Bd6 8. e4 dxe4 9. dxe4 Bd7 10. Qc2 Qe7 11. 0-0 g5 12. Rd1 Rg8 13. Nc4 Bc5 14. b4 Bd6 15. a4 a6 16. Nfd2 h5 17. Nf3 Nh7 18. Nxd6+ cxd6 19. Qd3 Rg6 20. h4 g4 21. Nd2 Be6 22. Nf1 Rd8 23. b5 Na5 24. Ne3 Nb3 25. Rb1 a5 26. Ba3 Nc5 27. Qc2 b6 28. c4 Rg8 29. Nd5 Bxd5 30. exd5 Nf6 31. Bxc5 bxc5 32. Qc3 Ra8 33. b6 Qb7 34. Qb3 Ke7 35. Re1 Nd7 36. Qc3 Ra6 37. Rxe5+ Nxe5 38. Qxe5+ Kd7 39. Qxh5 Kd8 40. Qh7 Re8 41. h5 Rxb6 42. Rxb6 Qxb6 43. h6 Qb2 44. Qxf7 Qa1+ 45. Kh2 Rh8 46. h7 Qe5 47. Qg8+ Qe8 48. Qxe8+ Kxe8 49. Be4 Kf7 50. Bf5 Kf6 51. Bxg4 Rxh7+ 52. Kg2 Rb7 53. Bc8 Rb4 54. Bd7 Rxc4 55. Kf3 Rd4 56. Bc6 c4 57. Ke3 c3 58. Kxd4 c2 59. Kc4 c1Q+ 0-1

[Event "Pan American-ch U16 Girls"]
[Site "Cali"]
[Date "2015.06.28"]
[Round "1"]
[White "Sarmiento Mojica, Leidy Carolina"]
[Black "Camacho Villarreal, Beatriz Giov"]
[Result "1-0"]
[WhiteElo "1339"]
[BlackElo "1773"]
[PlyCount "39"]
[EventDate "2015.06.28"]
[EventType "swiss"]
[EventRounds "9"]
[EventCountry "COL"]
[SourceTitle "EXT 2016"]
[Source "ChessBase"]
[SourceDate "2015.10.08"]
[SourceVersion "1"]
[SourceVersionDate "2015.10.08"]
[SourceQuality "1"]

1. e4 c6 2. d4 d5 3. e5 Bf5 4. g4 Bg6 5. h4 h6 6. h5 Bh7 7. Nd2 e6 8. Nb3 Nd7 9. Be3 Rc8 10. Be2 c5 11. dxc5 Nxe5 12. c3 Nf6 13. Bb5+ Nc6 14. Nf3 Nxg4 15. Bd4 Nf6 16. Ne5 Nd7 17. Rg1 Rg8 18. Rc1 Bf5 19. c4 Ncxe5 20. Bxe5 1-0